Founding an empire on India's north-eastern frontiers 1790-1840 : (Record no. 94460)

MARC details
000 -LEADER
fixed length control field 00739nam a22002057a 4500
005 - DATE AND TIME OF LATEST TRANSACTION
control field 20150706104053.0
010 ## - LCCN (DPL NO)
LC control number ENG-113321
020 ## - INTERNATIONAL STANDARD BOOK NUMBER
Terms of availability 895.00
International Standard Book Number 0198090579
020 ## - INTERNATIONAL STANDARD BOOK NUMBER
Terms of availability 895.00
International Standard Book Number 9780198090571
035 ## - SYSTEM CONTROL NUMBER
System control number EN-96853
037 ## - SOURCE OF ACQUISITION
Source of stock number/acquisition DBAD/PUB
082 ## - DEWEY DECIMAL CLASSIFICATION NUMBER
Classification number 954.1
100 ## - MAIN ENTRY--PERSONAL NAME
Personal name Cederlof, Gunnel
245 ## - TITLE STATEMENT
Title Founding an empire on India's north-eastern frontiers 1790-1840 :
Statement of responsibility, etc by Gunnel Cederlof
Remainder of title climate, commerce, poloty /
260 ## - PUBLICATION, DISTRIBUTION, ETC. (IMPRINT)
Place of publication, distribution, etc New Delhi
Name of publisher, distributor, etc Oxford University Press
Date of publication, distribution, etc 2014
270 ## - ADDRESS
Address YMCA Library Building, 1 Jai Singh Road,
City New Delhi
Postal code 110001
300 ## - PHYSICAL DESCRIPTION
Extent xiii,272p. :
Dimensions 23cm(Hb)
Other physical details maps
500 ## - GENERAL NOTE
General note Includes bibliographical references (pages 249-264) and index.
942 ## - ADDED ENTRY ELEMENTS (KOHA)
Source of classification or shelving scheme Dewey Decimal Classification
Item type English Books
Call number suffix CED
Classification part 954.1
Holdings
Withdrawn status Lost status Not for loan Collection code Home library Current library Date acquired Source of acquisition Cost, normal purchase price Full call number Barcode Copy number Cost, replacement price Koha item type
    Not For Loan Non-fiction D.B.Act.Division D.B.Act.Division 23/06/2015 DBAD/PUB 895.00 954.1 CED EN-96853 1 895.00 English Books

© Delhi Public Library
Hit Counter
free hit counter